Percussion Instruments by Image - Statistics

General Stats
  • This quiz has been taken 109 times
  • The average score is 16 of 20
Answer Stats
Picture Answer % Correct
Snare Drum
97%
Suspended Cymbal
96%
Bass Drum
95%
Gong
94%
Bongo
92%
Glockenspiel
92%
Timpani
92%
Triangle
92%
Cowbell
91%
Maraca
89%
Marimba
89%
Tambourine
89%
Woodblock
81%
Steelpan
78%
Conga
71%
Clave
65%
Cabasa
59%
Guiro
54%
Vibraslap
53%
Flexatone
27%
No matching quizzes found
Score Distribution
Percent of People with Each Score
Percentile by Number Answered
Your Score History
You have not taken this quiz